000 00526nam a2200181Ia 4500
999 _c21801
_d21801
003 OSt
005 20201230100933.0
008 190216s9999||||xx |||||||||||||| ||und||
020 _a9781851685103
040 _coclc
082 _a892.7134
_bKEN/A
100 _a Kennedy, Philip F
_96364
245 0 _aAbu Nuwas :
_bA Genius of Poetry /
_cPhilip K Kennedy
260 _bOneworld Oxford,
_c2009.
_aEngland:
300 _a145p
650 _aHistory
942 _cBK
_2ddc
_h 892.7134
_iKEN/A
_k892.7134
_mKEN/A